Online
Catalog

Manual de literatura dominicana y americana para el 5to. curso de reforma de la educación media: (Record no. 57918)

MARC details
000 -CABECERA
campo de control de longitud fija 01319nam a2200313 i 4500
003 - IDENTIFICADOR DEL NÚMERO DE CONTROL
campo de control DO-SdBNP
005 - FECHA Y HORA DE LA ÚLTIMA TRANSACCIÓN
campo de control 20241018143122.0
007 - CAMPO FIJO DE DESCRIPCIÓN FÍSICA--INFORMACIÓN GENERAL
campo de control de longitud fija ta
008 - DATOS DE LONGITUD FIJA--INFORMACIÓN GENERAL
campo de control de longitud fija 230926e1980 dr ||||| |||| 00| m spa d
040 ## - FUENTE DE LA CATALOGACIÓN
Centro catalogador/agencia de origen DO-SdBNP
Lengua de catalogación spa
Centro/agencia transcriptor BNPHU
Normas de descripción rda
082 #4 - NÚMERO DE LA CLASIFICACIÓN DECIMAL DEWEY
Número de edición 22
Número de documento/Ítem G633m
Número de clasificación 22
100 1# - ENTRADA PRINCIPAL--NOMBRE DE PERSONA
Nombre de persona Gómez Michel, Fuime de,
Término indicativo de función/relación autor
Código de función/relación aut.
9 (RLIN) 84271
245 10 - MENCIÓN DE TÍTULO
Título Manual de literatura dominicana y americana para el 5to. curso de reforma de la educación media:
Resto del título (antología, guía de análisis y comentarios) /
Mención de responsabilidad, etc. Fiume Gómez de Michel ; edición, Eridania Mir
264 #4 - PRODUCCIÓN, PUBLICACIÓN, DISTRIBUCIÓN, FABRICACIÓN Y COPYRIGHT
Producción, publicación, distribución, fabricación y copyright Santo Domingo :
Nombre del de productor, editor, distribuidor, fabricante Editora de la UASD,
Fecha de producción, publicación, distribución, fabricación o copyright 1980.
300 ## - DESCRIPCIÓN FÍSICA
Extensión 479 páginas ;
Dimensiones 27 cm.
336 ## - TIPO DE CONTENIDO
Término de tipo de contenido texto
Código de tipo de contenido txt
Fuente rdacontent
337 ## - TIPO DE MEDIO
Nombre/término del tipo de medio sin mediación
Código del tipo de medio n
Fuente rdamedia
338 ## - TIPO DE SOPORTE
Nombre/término del tipo de soporte sin mediación
Código del tipo de soporte nc
Fuente rdamedia
490 ## - MENCIÓN DE SERIE
Mención de serie Publicaciones de la Universidad Autónoma de Santo Domingo
Designación de volumen o secuencia 283
490 ## - MENCIÓN DE SERIE
Mención de serie Educación y Sociedad
Designación de volumen o secuencia 13
500 ## - NOTA GENERAL
Nota general Incluye datos biográficos de la autora en la contracubierta.
590 ## - NOTA LOCAL (RLIN)
Nota local Inventariado 2024/BT
650 #4 - PUNTO DE ACCESO ADICIONAL DE MATERIA--TÉRMINO DE MATERIA
Término de materia o nombre geográfico como elemento de entrada Literatura dominicana.
9 (RLIN) 67
Subdivisión general Libro de texto
650 #4 - PUNTO DE ACCESO ADICIONAL DE MATERIA--TÉRMINO DE MATERIA
Término de materia o nombre geográfico como elemento de entrada Literatura Americana
9 (RLIN) 9896
Subdivisión general Libro de texto
700 1# - PUNTO DE ACCESO ADICIONAL--NOMBRE DE PERSONA
Nombre de persona Mir, Eridania,
Término indicativo de función/relación editor
Código de función/relación ed.
9 (RLIN) 10197
830 #0 - PUNTO DE ACCESO ADICIONAL DE SERIE-TÍTULO UNIFORME
Título uniforme Publicaciones de la Universidad Autónoma de Santo Domingo;
Número de parte o sección de la obra 283
Nombre de parte o sección de la obra Educación y Sociedad
Número de parte o sección de la obra 13
9 (RLIN) 86732
910 ## - DATOS DE OPCIÓN DEL USUARIO (OCLC)
Datos de opción del usuario Btavárez
942 ## - ELEMENTOS DE PUNTO DE ACCESO ADICIONAL (KOHA)
Fuente del sistema de clasificación o colocación Dewey Decimal Classification
Tipo de ítem Koha Libro
Holdings
Estado de retiro Estado de pérdida Fuente del sistema de clasificación o colocación Restricciones de uso No para préstamo Código de colección Localización permanente Ubicación/localización actual Ubicación en estantería Fecha de adquisición Fuente de adquisición Total de préstamos Signatura topográfica completa Código de barras Fecha visto por última vez Precio válido a partir de Tipo de ítem Koha
    Dewey Decimal Classification Excluido de préstamo   Patrimonio Dominicano Biblioteca Nacional Pedro Henríquez Ureña Biblioteca Nacional Pedro Henríquez Ureña En catalogación 18.10.2024 Donado por Ilonka Nacidif   BNPHU PD G633m 22 2024-6005 18.10.2024 18.10.2024 Libro

Powered by Koha